00334nam a2200121Ia 4500008004100000041000800041082000800049100003000057245006700087260003200154300000800186520001800194221007s9999 xx 000 0 und d aeng bGOK aGokhale Nupur S (2k81045) aStudy on Awareness of the Welfare Measures Among the Employees c2010bPune UniversityaPune a71p aGaikwad Anand